| 000 | 00599nam a2200181 a 4500 | ||
|---|---|---|---|
| 001 | 000023097 | ||
| 005 | 20200930022003.0 | ||
| 008 | 101126s1972 ag r 000 0 spa d | ||
| 040 |
_aDO-SdBNP _bspa _cBNPHU |
||
| 082 |
_axxxx _bA512b |
||
| 110 | 1 |
_aAmerican Assembly _947553 |
|
| 245 | 1 | 3 |
_aLa batalla contra el hambre / _ctraducción Gerardo Mayer. |
| 260 |
_aBuenos Aires, Argentina : _bTroquel, _c1972. |
||
| 300 |
_a204 p. ; _c20 cm. |
||
| 504 | _aIncluye referencias bibliográficas y notas al pie de las páginas. | ||
| 534 | _aOvercoming World Hunger | ||
| 700 | 1 |
_aMayer, Gerardo, _etr. _947554 |
|
| 999 |
_c22594 _d22594 |
||